000 00657nam a22001817a 4500
008 160713b xxu||||| |||| 00| 0 eng d
020 _a978-0-07-285768-9
082 _22007
_aDC 540
_bB32c
100 _911280
_aBauer, Richard C.
245 _aA conceptual introduction to chemistry/
_cRichard C. Bauer, James P. Birk and Pamela S. Marks.
260 _aBoston:
_bMcGraw-Hill,
_cc2007.
300 _axxii, 647+various paging:
_billustrations;
_c28 cm.
500 _aIncludes appendices, glossary and index.
650 0 _911283
_aChemistry
700 _911284
_aBirk, James P.
_eAuthor
700 _911286
_aMarks, Pamela S.
_eAuthor
942 _2ddc
_cDC
999 _c3383
_d3383